Latin America research libraries in natural history a survey (Registro nro. 1164)

Detalles MARC
000 -CABECERA
Campo de control 00677nam a2200229 a 4500
005 - FECHA Y HORA DE LA ULTIMA TRANSACCION
Campo de control 20191224041555.0
008 - ELEMENTOS DE LONGITUD FIJA—INFORMACION GENERAL
Campo de control 140226b1994 nyu||||| |||| 00| 0 eng d
040 ## - FUENTE DE CATALOGACIÓN
Agencia catalogadora original CO-BoIAVH
Agencia transcriptora CO-BoIAVH
041 ## - IDIOMA
Código de idioma para texto/pista de sonido o título separado Inglés
082 04 - NUMERO DE CLASIFICACION DECIMAL DEWEY
Número de clasificación 372.357
Número del ítem W89l
100 1# - ASIENTO PRINCIPAL--NOMBRE PERSONAL
Nombre personal Woodman, Neal
245 1# - MENCION DE TITULO
Título Latin America research libraries in natural history a survey
250 ## - MENCION DE EDICION
Mención de edición 2 ed.
260 ## - PUBLICACION, DISTRIBUCION, ETC. (PIE DE IMPRENTA)
Lugar de publicación, distribución, etc. Chicago
Nombre del editor, distribuidor, etc. Council of Biology Editors
Fecha de publicación, distribución, etc. 1994
300 ## - DESCRIPCION FISICA
Extensión 261 paginas.:
Dimensiones 28 x23 cm
650 #4 - ASIENTO SECUNDARIO DE MATERIA - TERMINO TEMATICO
Término temático o nombre geográfico como elemento de entrada Historia natural
650 #4 - ASIENTO SECUNDARIO DE MATERIA - TERMINO TEMATICO
Término temático o nombre geográfico como elemento de entrada Bibliotecas
662 ## - ASIENTO SECUNDARIO DE MATERIA - JERARQUIA DEL NOMBRE DE LUGAR(
Jurisdicción política intermedia América Latina
700 1# - ASIENTO SECUNDARIO - NOMBRE PERSONAL
Nombre personal Foster, Mercedes S.
700 1# - ASIENTO SECUNDARIO - NOMBRE PERSONAL
Nombre personal Jenkinson, Marion A.
942 ## - ELEMENTOS ADICIONALES (KOHA)
Tipo de ítem Libro
Sistema de clasificación Dewey Decimal Classification
Existencias
Withdrawn status Lost status Sistema de Clasificación Damaged status No para préstamo Colección Inventariado Ubicación Permanente Ubicación actual Fecha de adquisición Fuente de Valor Valor Total Checkouts Número topográfico Inventario / Código de Barras Date last seen Ejemplar Price effective from Forma de adquisición Tipo de material
    Dewey Decimal Classification     General Inventariado 2017 Bogotá Bogotá 18/04/1999 Instituto 39000.00   LB-372.357 W89l 001584 04/12/2012 Ej. 1 04/12/2012   Libro